Statystyki dla Flagi miast województwa pomorskiego

Kliknij tutaj aby rozwiązać quiz!

Ogólne statystyki

  • Ten quiz został rozwiązany 73 razy
    (72 od ostatniego zresetowania)
  • Średni wynik to 17 z 24

Statystyki odpowiedzi

Odpowiedź% Poprawnych
Gdańsk
98%
Gdynia
98%
Sopot
96%
Malbork
85%
Hel
81%
Słupsk
79%
Rumia
75%
Tczew
75%
Wejherowo
75%
Kościerzyna
73%
Reda
71%
Jastarnia
69%
Kartuzy
69%
Bytów
67%
Starogard Gdański
65%
Władysławowo
65%
Ustka
63%
Kwidzyn
60%
Sztum
60%
Łeba
58%
Pelplin
50%
Gniew
48%
Miastko
48%
Czersk
42%

Rozkład punktacji

Percentyl według liczby udzielonych odpowiedzi

Procent ludzi z każdym wynikiem

Twoja historia wyników

Nie rozwiązałeś tego quizu od ostatniego zresetowania